Viņi: svešos pagalmos
| Titel: | Viņi: svešos pagalmos / Anna Velēda Žīgure |
|---|---|
| Verfasser: | |
| Veröffentlicht: | Rīga : Jumava, 2012 |
| Umfang: | 247 S. : Ill., Kt. |
| Format: | Buch |
| Sprache: | Lettisch |
| ISBN: | 9789934112317 |
| Hinweise zum Inhalt: |
Inhaltsverzeichnis
|
alg: 31566488 001A $03004:21-01-13 001B $01999:09-06-23 $t20:29:39.000 001C $06000:03-11-16 $t17:39:33.000 001D $03004:21-05-13 001U $0utf8 001X $00 002@ $0Aau 003@ $0315664886 004A $A978-9934-11-231-7 006G $01071679910 006H $0TOCNEUA1644 $2DNB 006U $f20150528 007A $0315664886 $aHEB 007G $0DE0207A1C02DF52FDF516C1257C8B003126A4 009P $qapplication/pdf $A2 $3Inhaltsverzeichnis $uhttp://scans.hebis.de/HEBCGI/show.pl?31566488_toc.pdf $mV:DE-603;B:DE-Mb50 010@ $alav 011@ $a2012 021A $aViņi: svešos pagalmos $hAnna Velēda Žīgure 028A $7 $8Žīgure, Anna [Tnx] $9166364134 033A $pRīga $nJumava 034D $a247 S. 034M $aIll., Kt. 041A $RLettin $#Latvians $#Lettons $#Lette $74111273-8 $8Letten [Ts1] $9085328669 041A/01 $RZwangsarbeiter $RHeimatloser Ausländer $RFlüchtling $#Refugees $#Réfugiés $#Profughi $#Displaced Person $#DP $74140484-1 $8Displaced Person [Ts1] $9085539031 045E $c940 045F $a306.094796 $eDDC23BSB 045F/01 $a306.09 045F/03 $g4796 045G $a900.94796 $eDDC23BSB 045G/01 $a900 045G/03 $g4796 045R $aGeschichte 1944-1949 lok: 31566488 24 101B $021-05-13 $t13:25:34.000 101C $021-05-13 101U $0utf8 145Z/01 $a46 3 H 145Z/02 $a46 5 Fa exp: 31566488 24 1 #EPN 201B/01 $024-07-13 $t09:37:03.000 201C/01 $021-01-13 201U/01 $0utf8 203@/01 $0660930412 208@/01 $a21-05-13 $bz 209A/01 $a13.03333 a $du $f050 $h13 03333 / + 1 $x00 209C/01 $a13.03333 K $h13 03333 K 209G/01 $a73282780 $x00 220C/01 $amar 247C/01 $8358050-7Marburg, Bibliothek des Herder-Instituts Marburg $9102600961 exp: 31566488 24 2 #EPN 201B/02 $024-07-13 $t09:37:03.000 201C/02 $024-07-13 201U/02 $0utf8 203@/02 $0698078780 208@/02 $a24-07-13 $bz 209A/02 $a13.03333 b $du $f050 $h13 03333 / + 2 $x00 209C/02 $a13.04872 K $h13 04872 K 209G/02 $a73329701 $x00 220C/02 $amar 247C/02 $8358050-7 Marburg, Bibliothek des Herder-Instituts Marburg $9102600961
| LEADER | 00000cam a2200000 c 4500 | ||
|---|---|---|---|
| 001 | 315664886 | ||
| 003 | DE-603 | ||
| 005 | 20230609202939.0 | ||
| 007 | tu | ||
| 008 | 130121s2012 xx |||| | u00||u|lav | ||
| 016 | 7 | |2 DE-101 |a 1071679910 | |
| 020 | |a 9789934112317 | ||
| 035 | |a (DE-599)HEB315664886 | ||
| 040 | |a DE-603 |b ger |c DE-603 |d DE-603 | ||
| 041 | |a lav | ||
| 082 | 0 | 4 | |8 1\u |a 306.094796 |q DE-101 |2 23/BSB |
| 083 | 0 | |8 2\u |a 900.94796 |q DE-101 |2 23/BSB | |
| 084 | |a 940 |q DE-101 |2 sdnb | ||
| 085 | |8 1\u |b 306.09 | ||
| 085 | |8 1\u |z 2 |s 4796 | ||
| 085 | |8 2\u |b 900 | ||
| 085 | |8 2\u |z 2 |s 4796 | ||
| 100 | 1 | |a Žīgure, Anna |0 (DE-603)166364134 | |
| 245 | 0 | 0 | |a Viņi: svešos pagalmos |c Anna Velēda Žīgure |
| 264 | 1 | |a Rīga |b Jumava |c 2012 | |
| 300 | |a 247 S. |b Ill., Kt. | ||
| 648 | 7 | |a Geschichte 1944-1949 |2 gnd | |
| 650 | 7 | |a Letten |0 (DE-588)4111273-8 |0 (DE-603)085328669 |2 gnd | |
| 650 | 7 | |a Displaced Person |0 (DE-588)4140484-1 |0 (DE-603)085539031 |2 gnd | |
| 856 | 4 | 2 | |m V:DE-603;B:DE-Mb50 |q application/pdf |u http://scans.hebis.de/HEBCGI/show.pl?31566488_toc.pdf |3 Inhaltsverzeichnis |
| 924 | 0 | |9 Mb 50 |a (DE-603)660930412 |b DE-Mb50 |c HES |d c |g 13.03333 a | |
| 924 | 0 | |9 Mb 50 |a (DE-603)698078780 |b DE-Mb50 |c HES |d c |g 13.03333 b | |


